[Event "Moscow ACF Botvinnik Memorial"]
[Site "Moscow"]
[Date "2018.08.14"]
[Round "7.7"]
[White "Korotylev, Alexey"]
[Black "Keller, Rostislav"]
[Result "1-0"]
[WhiteElo "2573"]
[BlackElo "1735"]
[PlyCount "75"]
[EventDate "2018.08.10"]
[EventType "team-swiss"]
[EventRounds "7"]
[EventCountry "RUS"]
[SourceTitle "CBM 186 Extra"]
[Source "ChessBase"]
[SourceDate "2018.08.24"]
[SourceVersion "1"]
[SourceVersionDate "2018.08.24"]
[SourceQuality "1"]
[WhiteTeam "Russia"]
[BlackTeam "Moldova"]
[WhiteTeamCountry "RUS"]
[BlackTeamCountry "MDA"]

1. d4 Nf6 2. c4 g6 3. Nc3 Bg7 4. e4 d6 5. Nf3 0-0 6. Be2 e5 7. 0-0 Nc6 8. d5 Ne7 9. a4 Ne8 10. a5 f5 11. Ng5 f4 12. Bg4 Bf6 13. Bxc8 Qxc8 14. Ne6 Rf7 15. c5 Ng7 16. cxd6 cxd6 17. Qb3 g5 18. Bd2 Qd7 19. Nb5 a6 20. Nbc7 Rc8 21. Rfc1 Ng6 22. Qxb7 Bd8 23. Qxa6 Bxc7 24. Nxg5 Rff8 25. Nf3 Qd8 26. b4 Nh4 27. Nxh4 Qxh4 28. f3 Qd8 29. Rc6 Ne8 30. Qc4 Ra8 31. Qc3 Rf7 32. Ra2 Qb8 33. Qc4 Qd8 34. Be1 Bb8 35. b5 Rb7 36. b6 Nc7 37. Kf1 Kf7 38. a6 1-0

[Event "Moscow ACF Botvinnik Memorial"]
[Site "Moscow"]
[Date "2018.08.14"]
[Round "7.8"]
[White "Mihailova, Alina"]
[Black "Korotylev, Alexey"]
[Result "0-1"]
[WhiteElo "1829"]
[BlackElo "2573"]
[PlyCount "84"]
[EventDate "2018.08.10"]
[EventType "team-swiss"]
[EventRounds "7"]
[EventCountry "RUS"]
[SourceTitle "CBM 186 Extra"]
[Source "ChessBase"]
[SourceDate "2018.08.24"]
[SourceVersion "1"]
[SourceVersionDate "2018.08.24"]
[SourceQuality "1"]
[WhiteTeam "Moldova"]
[BlackTeam "Russia"]
[WhiteTeamCountry "MDA"]
[BlackTeamCountry "RUS"]

1. d4 Nf6 2. c4 e6 3. Nc3 Bb4 4. Qc2 0-0 5. Nf3 c5 6. dxc5 Na6 7. g3 Nxc5 8. Bg2 b6 9. 0-0 Bb7 10. Nb5 Be4 11. Qd1 a6 12. Nbd4 Nb7 13. a3 Be7 14. b3 Rc8 15. Bb2 d6 16. Bh3 Nc5 17. b4 Ncd7 18. Rc1 h6 19. Qd2 Qc7 20. Rfd1 Rfe8 21. Qe1 Qb8 22. Nd2 Ba8 23. e4 Bf8 24. Qe2 Bb7 25. f3 d5 26. N4b3 dxe4 27. Nxe4 Nxe4 28. fxe4 Bc6 29. e5 Ba4 30. Rd3 a5 31. b5 Bxb3 32. Rxd7 Rc7 33. Rxc7 Qxc7 34. Bg2 Rd8 35. Bc6 Bc5+ 36. Kh1 Qe7 37. Ra1 a4 38. Be4 Bd4 39. Bxd4 Rxd4 40. Bd3 Qd8 41. Be4 Bxc4 42. Qe3 Rxe4 0-1

[Event "Moscow ACF Botvinnik Memorial"]
[Site "Moscow"]
[Date "2018.08.13"]
[Round "6.1"]
[White "Ahmadzada, Ahmad Samir"]
[Black "Korotylev, Alexey"]
[Result "1/2-1/2"]
[WhiteElo "2342"]
[BlackElo "2573"]
[PlyCount "70"]
[EventDate "2018.08.10"]
[EventType "team-swiss"]
[EventRounds "7"]
[EventCountry "RUS"]
[SourceTitle "CBM 186 Extra"]
[Source "ChessBase"]
[SourceDate "2018.08.24"]
[SourceVersion "1"]
[SourceVersionDate "2018.08.24"]
[SourceQuality "1"]
[WhiteTeam "Azerbaijan"]
[BlackTeam "Russia"]
[WhiteTeamCountry "AZE"]
[BlackTeamCountry "RUS"]

1. Nf3 Nf6 2. c4 e6 3. g3 d5 4. Bg2 dxc4 5. Qa4+ Nbd7 6. Qxc4 c5 7. 0-0 b6 8. d4 Bb7 9. Nc3 Rc8 10. Rd1 a6 11. dxc5 Bxc5 12. Qf4 0-0 13. Ne5 Bxg2 14. Kxg2 Qe7 15. Nxd7 Nxd7 16. Be3 Rc6 17. Rd2 Bxe3 18. Qxe3 Nf6 19. Rad1 h6 20. Qf3 Qc7 21. Rd8 b5 22. Rxf8+ Kxf8 23. a3 Ke7 24. Qe3 Rd6 25. Rxd6 Kxd6 26. Qd4+ Ke7 27. e4 e5 28. Qe3 Ke6 29. h4 Qc6 30. f3 h5 31. Kf2 Nd7 32. Qg5 g6 33. Nd5 Qc2+ 34. Kg1 Qd1+ 35. Kg2 Qe2+ 1/2-1/2

[Event "Moscow ACF Botvinnik Memorial"]
[Site "Moscow"]
[Date "2018.08.12"]
[Round "5.4"]
[White "Korotylev, Alexey"]
[Black "Yedigaryan, Asya"]
[Result "1-0"]
[WhiteElo "2573"]
[BlackElo "1622"]
[PlyCount "109"]
[EventDate "2018.08.10"]
[EventType "team-swiss"]
[EventRounds "7"]
[EventCountry "RUS"]
[SourceTitle "CBM 186 Extra"]
[Source "ChessBase"]
[SourceDate "2018.08.24"]
[SourceVersion "1"]
[SourceVersionDate "2018.08.24"]
[SourceQuality "1"]
[WhiteTeam "Russia"]
[BlackTeam "Armenia"]
[WhiteTeamCountry "RUS"]
[BlackTeamCountry "ARM"]

1. d4 Nf6 2. c4 g6 3. Nc3 Bg7 4. e4 d6 5. Bd3 0-0 6. Nge2 e5 7. d5 Nbd7 8. 0-0 Nc5 9. Bc2 a5 10. f3 Ne8 11. Be3 b6 12. a3 f5 13. exf5 gxf5 14. b4 Nd7 15. Rc1 Rf7 16. Qd2 Ndf6 17. Kh1 Bf8 18. f4 e4 19. Bd4 Rg7 20. Nd1 Rg6 21. h3 Nh5 22. Qe1 Be7 23. Bf2 Bf6 24. Ne3 axb4 25. axb4 Ra3 26. Rg1 Rh6 27. Rb1 Nhg7 28. Bb3 Bh4 29. Bxh4 Qxh4 30. Qxh4 Rxh4 31. Kh2 Rh6 32. Nd4 Bd7 33. Ra1 Rxa1 34. Rxa1 Kf7 35. Ba4 Bxa4 36. Rxa4 Rf6 37. Ra7 Kg6 38. Ne2 Rf7 39. Kg3 c5 40. Ra8 Rb7 41. b5 Nc7 42. Rd8 Nce8 43. Kf2 Kf6 44. g4 Ke7 45. Ra8 Nc7 46. Rh8 fxg4 47. hxg4 Nce8 48. Rxh7 Kf7 49. g5 Kg8 50. Rh6 Ra7 51. f5 Ra3 52. Ng3 Ra2+ 53. Kg1 Ra1+ 54. Ngf1 Rxf1+ 55. Kxf1 1-0

[Event "Moscow ACF Botvinnik Memorial"]
[Site "Moscow"]
[Date "2018.08.11"]
[Round "4.5"]
[White "Korotylev, Alexey"]
[Black "Naqopia, Giorgi"]
[Result "1/2-1/2"]
[WhiteElo "2573"]
[BlackElo "1857"]
[PlyCount "147"]
[EventDate "2018.08.10"]
[EventType "team-swiss"]
[EventRounds "7"]
[EventCountry "RUS"]
[SourceTitle "CBM 186 Extra"]
[Source "ChessBase"]
[SourceDate "2018.08.24"]
[SourceVersion "1"]
[SourceVersionDate "2018.08.24"]
[SourceQuality "1"]
[WhiteTeam "Russia"]
[BlackTeam "Georgia"]
[WhiteTeamCountry "RUS"]
[BlackTeamCountry "GEO"]

1. d4 d5 2. c4 c6 3. Nc3 Nf6 4. e3 a6 5. Bd3 e6 6. b3 Be7 7. Nf3 0-0 8. 0-0 Nbd7 9. Bb2 b5 10. c5 Qc7 11. Qc2 a5 12. a3 Re8 13. h3 Bf8 14. Ne2 g6 15. b4 Nh5 16. Ne5 f5 17. g4 Nhf6 18. f3 Bh6 19. Qd2 Rf8 20. Kg2 axb4 21. axb4 Rxa1 22. Rxa1 Bg7 23. Bc3 Ne8 24. Qb2 Bxe5 25. dxe5 Ng7 26. f4 Qd8 27. Nd4 fxg4 28. hxg4 Qh4 29. Qe2 Bb7 30. Be1 Qd8 31. Ra7 Qb8 32. Qa2 g5 33. Bg3 gxf4 34. exf4 h5 35. g5 h4 36. Bh2 h3+ 37. Kg1 Kf7 38. Bf1 Rh8 39. Ra3 Qd8 40. Rxh3 Rxh3 41. Bxh3 Nf8 42. Qa7 Qc8 43. Kf2 Ng6 44. Bg3 Ne7 45. Bg4 Nef5 46. Nb3 Kg6 47. Nd2 Qa8 48. Qxa8 Bxa8 49. Nf3 Bb7 50. Bh2 Bc8 51. Ke2 Bd7 52. Bg1 Be8 53. Kd2 Bd7 54. Bh3 Be8 55. Bf1 Kh7 56. Bd3 Bg6 57. Bh2 Kg8 58. Bf1 Kf7 59. Ne1 Nd4 60. Kc3 Ndf5 61. Nd3 Ne3 62. Be2 Bxd3 63. Kxd3 Nef5 64. Bd1 Kg6 65. Ke2 Ne8 66. Bg1 Neg7 67. Kf3 Ne8 68. Bf2 Neg7 69. Kg4 Ne8 70. Bc2 Neg7 71. Bd3 Ne8 72. Bxf5+ exf5+ 73. Kf3 Nc7 74. Be3 1/2-1/2

[Event "Moscow ACF Botvinnik Memorial"]
[Site "Moscow"]
[Date "2018.08.11"]
[Round "3.4"]
[White "Korotylev, Alexey"]
[Black "Zeliantsova, Kseniya"]
[Result "1-0"]
[WhiteElo "2573"]
[BlackElo "1804"]
[PlyCount "85"]
[EventDate "2018.08.10"]
[EventType "team-swiss"]
[EventRounds "7"]
[EventCountry "RUS"]
[SourceTitle "CBM 186 Extra"]
[Source "ChessBase"]
[SourceDate "2018.08.24"]
[SourceVersion "1"]
[SourceVersionDate "2018.08.24"]
[SourceQuality "1"]
[WhiteTeam "Russia"]
[BlackTeam "Belarus"]
[WhiteTeamCountry "RUS"]
[BlackTeamCountry "BLR"]

1. Nf3 Nf6 2. c4 g6 3. Nc3 Bg7 4. e4 d6 5. d4 0-0 6. Be2 c5 7. d5 e6 8. Nd2 Re8 9. 0-0 Na6 10. Kh1 Nc7 11. a4 a6 12. f4 exd5 13. cxd5 Rb8 14. a5 Bd7 15. Bf3 Nb5 16. e5 dxe5 17. fxe5 Rxe5 18. Nc4 Re8 19. Bf4 Nxc3 20. bxc3 Bb5 21. Nd6 Ra8 22. Nxe8 Nxe8 23. Rf2 Bxc3 24. Rc1 Bd4 25. Rd2 Qf6 26. Bg3 Be3 27. Bf2 Bxd2 28. Qxd2 c4 29. Bd4 Qd6 30. Bc3 Rd8 31. Re1 f6 32. Bb4 Qd7 33. Re7 Qf5 34. h3 g5 35. Rxb7 Bc6 36. Re7 Ng7 37. Be4 Qf1+ 38. Kh2 h6 39. Bf3 Bb5 40. Qd4 Ne8 41. Qe4 Qd3 42. Qe6+ Kh8 43. Be4 1-0

[Event "Moscow ACF Botvinnik Memorial"]
[Site "Moscow"]
[Date "2018.08.10"]
[Round "1.2"]
[White "Korotylev, Alexey"]
[Black "Balabayeva, Kseniya"]
[Result "1/2-1/2"]
[WhiteElo "2573"]
[BlackElo "1788"]
[PlyCount "112"]
[EventDate "2018.08.10"]
[EventType "team-swiss"]
[EventRounds "7"]
[EventCountry "RUS"]
[SourceTitle "CBM 186 Extra"]
[Source "ChessBase"]
[SourceDate "2018.08.24"]
[SourceVersion "1"]
[SourceVersionDate "2018.08.24"]
[SourceQuality "1"]
[WhiteTeam "Russia"]
[BlackTeam "Kazakhstan"]
[WhiteTeamCountry "RUS"]
[BlackTeamCountry "KAZ"]

1. Nf3 Nf6 2. c4 g6 3. Nc3 Bg7 4. e4 d6 5. d4 0-0 6. Be2 e5 7. 0-0 Nc6 8. Be3 Ng4 9. Bg5 Bf6 10. Bxf6 Nxf6 11. d5 Ne7 12. c5 Nh5 13. cxd6 cxd6 14. g3 f5 15. exf5 Bxf5 16. Ng5 Nf6 17. Qb3 Rb8 18. Rad1 b5 19. Bd3 Bd7 20. Qb4 Qb6 21. Qh4 Nf5 22. Bxf5 Bxf5 23. Rd2 Rbe8 24. h3 e4 25. Nd1 Qa5 26. Re2 Kg7 27. Ne3 Bd7 28. Rc1 h6 29. Ne6+ Bxe6 30. dxe6 b4 31. g4 Rxe6 32. Rec2 Rf7 33. Qg3 Qe5 34. Qxe5 Rxe5 35. Rd1 d5 36. Rc5 Rb7 37. Rd4 Kf7 38. Nxd5 Rd7 39. Nxf6 Rxd4 40. Rxe5 Kxf6 41. Ra5 Rd2 42. b3 Rb2 43. h4 Rc2 44. Rxa7 Ke5 45. Ra6 Kf4 46. Rxg6 Rxa2 47. h5 Rb2 48. g5 hxg5 49. h6 Rxb3 50. Kg2 g4 51. h7 Rh3 52. Rf6+ Kg5 53. Rb6 Rxh7 54. Rxb4 Kf4 55. Rb8 Rf7 56. Rg8 Ke5 1/2-1/2

[Event "Moscow ACF Botvinnik Memorial"]
[Site "Moscow"]
[Date "2018.08.10"]
[Round "1.1"]
[White "Mailebayev, Sanzhar"]
[Black "Korotylev, Alexey"]
[Result "1/2-1/2"]
[WhiteElo "1820"]
[BlackElo "2573"]
[PlyCount "82"]
[EventDate "2018.08.10"]
[EventType "team-swiss"]
[EventRounds "7"]
[EventCountry "RUS"]
[SourceTitle "CBM 186 Extra"]
[Source "ChessBase"]
[SourceDate "2018.08.24"]
[SourceVersion "1"]
[SourceVersionDate "2018.08.24"]
[SourceQuality "1"]
[WhiteTeam "Kazakhstan"]
[BlackTeam "Russia"]
[WhiteTeamCountry "KAZ"]
[BlackTeamCountry "RUS"]

1. e4 d6 2. d4 g6 3. Nc3 Bg7 4. g3 Nc6 5. Be3 e5 6. Nge2 Bg4 7. Qd2 Bf3 8. Rg1 Nf6 9. Bg2 Bxg2 10. Rxg2 Ng4 11. 0-0-0 exd4 12. Bxd4 Nxd4 13. Nxd4 0-0 14. h3 Nf6 15. f4 Re8 16. Re2 a6 17. g4 Nd7 18. g5 Nc5 19. h4 b5 20. Rde1 Ne6 21. Nxe6 fxe6 22. f5 b4 23. Nd1 exf5 24. exf5 Rxe2 25. Rxe2 gxf5 26. Ne3 Qf8 27. Rf2 Qf7 28. Nxf5 Qxa2 29. Qxb4 Qa1+ 30. Kd2 Bxb2 31. Nh6+ Kh8 32. Rf1 Qa3 33. Qxa3 Bxa3 34. Rf7 d5 35. Rxc7 Bf8 36. Nf7+ Kg8 37. Kc1 a5 38. Nh6+ Kh8 39. Nf7+ Kg8 40. Nh6+ Kh8 41. Nf7+ Kg8 1/2-1/2

[Event "RUS-ch blitz"]
[Site "Sochi"]
[Date "2017.10.02"]
[Round "19"]
[White "Demidov, Mikhail"]
[Black "Korotylev, Alexey"]
[Result "1-0"]
[WhiteElo "2521"]
[BlackElo "2573"]
[PlyCount "61"]
[EventDate "2017.10.02"]
[EventType "swiss (blitz)"]
[EventRounds "20"]
[EventCountry "RUS"]
[SourceTitle "EXT 2018"]
[Source "ChessBase"]
[SourceDate "2017.10.13"]
[SourceVersion "1"]
[SourceVersionDate "2017.10.13"]
[SourceQuality "1"]

1. Nf3 Nf6 2. g3 d5 3. Bg2 c6 4. 0-0 Bg4 5. b3 e6 6. Bb2 Be7 7. c4 0-0 8. d3 a5 9. Nc3 Nbd7 10. Qc2 Re8 11. Rad1 Qc7 12. Rfe1 Bh5 13. a3 e5 14. cxd5 cxd5 15. Rc1 Rac8 16. Qb1 Qb6 17. Nd2 d4 18. Nd5 Nxd5 19. Bxd5 Bg5 20. Rxc8 Rxc8 21. Nc4 Qa6 22. Bc1 Bxc1 23. Rxc1 Rc5 24. Nxe5 Rxd5 25. Nxd7 b5 26. Qc2 g5 27. Qc8+ Qxc8 28. Nf6+ Kg7 29. Nxh5+ Kg6 30. Rxc8 Kxh5 31. Ra8 1-0

[Event "RUS-ch blitz"]
[Site "Sochi"]
[Date "2017.10.02"]
[Round "15"]
[White "Korotylev, Alexey"]
[Black "Artemiev, Vladislav"]
[Result "0-1"]
[WhiteElo "2573"]
[BlackElo "2692"]
[PlyCount "77"]
[EventDate "2017.10.02"]
[EventType "swiss (blitz)"]
[EventRounds "20"]
[EventCountry "RUS"]
[SourceTitle "EXT 2018"]
[Source "ChessBase"]
[SourceDate "2017.10.13"]
[SourceVersion "1"]
[SourceVersionDate "2017.10.13"]
[SourceQuality "1"]

1. Nf3 d5 2. c4 c6 3. g3 g6 4. Bg2 Bg7 5. 0-0 Nf6 6. b3 Ne4 7. d4 0-0 8. Bb2 Bf5 9. Nbd2 Nd7 10. e3 a5 11. a3 Nxd2 12. Nxd2 Bd3 13. Re1 e6 14. Rc1 Nf6 15. h3 h5 16. Nb1 Be4 17. Bf1 h4 18. g4 Bxb1 19. Rxb1 Ne4 20. cxd5 exd5 21. Bg2 f5 22. f3 Nd6 23. Qd3 Qe7 24. Rf1 a4 25. Rbe1 axb3 26. Qxb3 Nc4 27. Bc1 b5 28. Qd3 Rae8 29. Re2 Qd6 30. gxf5 gxf5 31. f4 Re6 32. Kh1 Rg6 33. Bd2 Qe6 34. Be1 Bf6 35. Bb4 Rf7 36. Bf3 Rg3 37. Rg1 Rfg7 38. Rxg3 Rxg3 39. Rf2 0-1

[Event "RUS-ch blitz"]
[Site "Sochi"]
[Date "2017.10.02"]
[Round "8"]
[White "Korotylev, Alexey"]
[Black "Dubov, Daniil"]
[Result "0-1"]
[WhiteElo "2573"]
[BlackElo "2666"]
[PlyCount "81"]
[EventDate "2017.10.02"]
[EventType "swiss (blitz)"]
[EventRounds "20"]
[EventCountry "RUS"]
[SourceTitle "EXT 2018"]
[Source "ChessBase"]
[SourceDate "2017.10.13"]
[SourceVersion "1"]
[SourceVersionDate "2017.10.13"]
[SourceQuality "1"]

1. Nf3 c5 2. c4 Nf6 3. g3 b6 4. Bg2 Bb7 5. 0-0 g6 6. b3 Bg7 7. Bb2 0-0 8. Nc3 d6 9. d4 cxd4 10. Nxd4 Bxg2 11. Kxg2 Qc8 12. e4 Qb7 13. f3 Nbd7 14. Qe2 Rfe8 15. Rfd1 a6 16. Rab1 Rac8 17. a4 e6 18. Kg1 d5 19. e5 Nh5 20. f4 dxc4 21. Ne4 Bf8 22. bxc4 Nc5 23. Nd6 Bxd6 24. exd6 Rcd8 25. Nf3 f6 26. a5 Qc6 27. axb6 Rxd6 28. Rxd6 Qxd6 29. Bd4 Qc6 30. Qe3 Nb7 31. g4 Nxf4 32. Qxf4 e5 33. Nxe5 fxe5 34. Bxe5 Rf8 35. Qd4 Rd8 36. Qf2 Qe4 37. Re1 Qxg4+ 38. Kh1 Qxc4 39. Qf6 Qd5+ 40. Kg1 Qc5+ 41. Kh1 0-1

[Event "RUS-ch blitz"]
[Site "Sochi"]
[Date "2017.10.02"]
[Round "1"]
[White "Korotylev, Alexey"]
[Black "Smelov, Aleksey"]
[Result "1-0"]
[WhiteElo "2573"]
[BlackElo "2184"]
[PlyCount "87"]
[EventDate "2017.10.02"]
[EventType "swiss (blitz)"]
[EventRounds "20"]
[EventCountry "RUS"]
[SourceTitle "EXT 2018"]
[Source "ChessBase"]
[SourceDate "2017.10.13"]
[SourceVersion "1"]
[SourceVersionDate "2017.10.13"]
[SourceQuality "1"]

1. Nf3 d5 2. c4 c6 3. g3 Nf6 4. Bg2 Bf5 5. 0-0 e6 6. cxd5 exd5 7. d3 h6 8. Qb3 Qb6 9. Qc2 Be7 10. Nc3 0-0 11. e4 Bh7 12. Be3 Qa6 13. a3 Nbd7 14. Rfd1 Rac8 15. h3 Rfe8 16. e5 Nh5 17. g4 Nc5 18. Bxc5 Bxc5 19. gxh5 Bf8 20. Qe2 Qb6 21. d4 a5 22. Rac1 Bf5 23. Qd2 Qd8 24. Ne2 Qd7 25. Ng3 Bxh3 26. Bxh3 Qxh3 27. Qxa5 f5 28. exf6 Bd6 29. f7+ Kxf7 30. Ne5+ Kg8 31. Qc3 Rf8 32. Rd3 Rf4 33. Rf3 Rh4 34. Re1 c5 35. Qb3 Bxe5 36. dxe5 c4 37. Qxb7 Rf8 38. Qxd5+ Kh7 39. Rxf8 Qh2+ 40. Kf1 Qh3+ 41. Qg2 Qd7 42. Qf3 Qh3+ 43. Ke2 Qd7 44. Qf5+ 1-0

[Event "RUS-ch blitz"]
[Site "Sochi"]
[Date "2017.10.02"]
[Round "4"]
[White "Korotylev, Alexey"]
[Black "Vastrukhin, Oleg"]
[Result "1-0"]
[WhiteElo "2573"]
[BlackElo "2386"]
[PlyCount "72"]
[EventDate "2017.10.02"]
[EventType "swiss (blitz)"]
[EventRounds "20"]
[EventCountry "RUS"]
[SourceTitle "EXT 2018"]
[Source "ChessBase"]
[SourceDate "2017.10.13"]
[SourceVersion "1"]
[SourceVersionDate "2017.10.13"]
[SourceQuality "1"]

1. Nf3 g6 2. d4 Bg7 3. e4 c6 4. Nc3 d5 5. h3 dxe4 6. Nxe4 Nf6 7. Nxf6+ exf6 8. Bd3 0-0 9. 0-0 Be6 10. Re1 a5 11. Bf4 Na6 12. c4 Nb4 13. Bf1 Bf5 14. Re2 Bd3 15. Rd2 Bxf1 16. Qxf1 Qd7 17. a3 Na6 18. d5 Nc5 19. Rad1 Nb3 20. Rd3 Nc5 21. dxc6 Qxc6 22. Rd5 Ne6 23. Be3 a4 24. Rb5 Rfd8 25. Rdd5 Rdc8 26. Nd4 Nxd4 27. Bxd4 Qxc4 28. Rd8+ Bf8 29. Qxc4 Rxc4 30. Rxa8 Rxd4 31. Rxb7 Kg7 32. Raa7 Rd1+ 33. Kh2 Bd6+ 34. g3 Rd2 35. Rxf7+ Kh6 36. Kg1 Rxb2 1-0

[Event "RUS-ch blitz"]
[Site "Sochi"]
[Date "2017.10.02"]
[Round "10"]
[White "Murzin, Volodar"]
[Black "Korotylev, Alexey"]
[Result "1/2-1/2"]
[WhiteElo "2280"]
[BlackElo "2573"]
[PlyCount "161"]
[EventDate "2017.10.02"]
[EventType "swiss (blitz)"]
[EventRounds "20"]
[EventCountry "RUS"]
[SourceTitle "EXT 2018"]
[Source "ChessBase"]
[SourceDate "2017.10.13"]
[SourceVersion "1"]
[SourceVersionDate "2017.10.13"]
[SourceQuality "1"]

1. Nf3 Nf6 2. g3 d5 3. Bg2 c6 4. 0-0 Bg4 5. h3 Bh5 6. d3 e6 7. Nbd2 Be7 8. e4 0-0 9. Qe1 a5 10. a4 Na6 11. Rb1 Qc7 12. b3 Nb4 13. Qd1 dxe4 14. dxe4 Rad8 15. Re1 Bc5 16. Kf1 Qb6 17. Re2 Bxf2 18. Rxf2 Nxe4 19. Qe1 Nxg3+ 20. Kg1 Nxc2 21. Qe5 Nf5 22. Bb2 Nb4 23. Bd4 Qa6 24. Bf1 Qa8 25. Bc3 Nd5 26. Ba1 Rfe8 27. Bc4 f6 28. Qh2 Qa7 29. Re1 Bf7 30. Ne4 Qb8 31. Qxb8 Rxb8 32. Kh2 b5 33. axb5 cxb5 34. Bf1 a4 35. bxa4 bxa4 36. Nd4 Nxd4 37. Bxd4 e5 38. Bc5 Rec8 39. Bd6 Rb6 40. Bc5 Rbc6 41. Ba3 Rc2 42. Ree2 Rxe2 43. Rxe2 Nf4 44. Rd2 Bd5 45. Ng3 Rc3 46. Bb2 Rb3 47. Nf5 Kf7 48. Nd6+ Ke6 49. Nc4 g5 50. Na3 h5 51. Bc1 g4 52. hxg4 hxg4 53. Nb5 g3+ 54. Kg1 g2 55. Nc7+ Kd6 56. Bxg2 Kxc7 57. Bxd5 Nxd5 58. Rxd5 Rb1 59. Rc5+ Kb6 60. Rc3 Kb5 61. Kf2 Rb4 62. Rc8 Rc4 63. Rb8+ Kc6 64. Ba3 Rc2+ 65. Ke1 Kd5 66. Ra8 Rc4 67. Ra6 f5 68. Ra5+ Ke6 69. Bb2 Re4+ 70. Kf2 f4 71. Kf3 Re3+ 72. Kf2 Kf5 73. Bxe5 Rxe5 74. Rxa4 Rb5 75. Ra8 Ke4 76. Re8+ Re5 77. Ra8 Kf5 78. Kf3 Re3+ 79. Kf2 Rb3 80. Rf8+ Ke4 81. Re8+ 1/2-1/2

[Event "RUS-ch blitz"]
[Site "Sochi"]
[Date "2017.10.02"]
[Round "2"]
[White "Smelov, Aleksey"]
[Black "Korotylev, Alexey"]
[Result "0-1"]
[WhiteElo "2184"]
[BlackElo "2573"]
[PlyCount "110"]
[EventDate "2017.10.02"]
[EventType "swiss (blitz)"]
[EventRounds "20"]
[EventCountry "RUS"]
[SourceTitle "EXT 2018"]
[Source "ChessBase"]
[SourceDate "2017.10.13"]
[SourceVersion "1"]
[SourceVersionDate "2017.10.13"]
[SourceQuality "1"]

1. d4 Nf6 2. Nf3 e6 3. Bf4 c5 4. c3 b6 5. h3 Bb7 6. e3 Be7 7. a4 a6 8. Nbd2 0-0 9. Be2 d6 10. 0-0 Nbd7 11. Nc4 Ne4 12. Qb1 Qc7 13. Rd1 cxd4 14. exd4 Rac8 15. Ne3 Nef6 16. Nd2 Rfd8 17. Bf3 Bxf3 18. Nxf3 Qb7 19. d5 e5 20. Bg5 h6 21. Bh4 b5 22. axb5 axb5 23. Nh2 Nb6 24. Qd3 Nc4 25. Nf5 Nxb2 26. Qg3 g6 27. Nxe7+ Qxe7 28. Ng4 Nh5 29. Bxe7 Nxg3 30. Bxd8 Ne2+ 31. Kf1 Nxd1 32. Kxe2 Nxc3+ 33. Kd3 Nxd5 34. Ba5 Nf4+ 35. Ke4 f5+ 36. Kf3 fxg4+ 37. hxg4 Ra8 38. g3 Ne6 39. Ke4 Kf7 40. Kd5 Ra6 41. Ra3 h5 42. gxh5 gxh5 43. Rf3+ Ke7 44. Bd2 Ra4 45. Be3 Rc4 46. Bb6 Ng5 47. Rf5 Ne4 48. Bd8+ Kxd8 49. Ke6 Kc7 50. Rxh5 Nxf2 51. Rh7+ Kc6 52. Rd7 Rd4 53. Rf7 Ng4 54. Rf8 b4 55. Rc8+ Kb5 0-1

[Event "RUS-ch blitz"]
[Site "Sochi"]
[Date "2017.10.02"]
[Round "17"]
[White "Tomashevsky, Evgeny"]
[Black "Korotylev, Alexey"]
[Result "1-0"]
[WhiteElo "2710"]
[BlackElo "2573"]
[PlyCount "77"]
[EventDate "2017.10.02"]
[EventType "swiss (blitz)"]
[EventRounds "20"]
[EventCountry "RUS"]
[SourceTitle "EXT 2018"]
[Source "ChessBase"]
[SourceDate "2017.10.13"]
[SourceVersion "1"]
[SourceVersionDate "2017.10.13"]
[SourceQuality "1"]

1. c4 e5 2. Nc3 Nf6 3. Nf3 Nc6 4. g3 Bb4 5. Bg2 0-0 6. 0-0 e4 7. Ng5 Bxc3 8. bxc3 Re8 9. f3 exf3 10. Nxf3 Qe7 11. e3 Ne5 12. Nd4 d6 13. d3 c5 14. Nf5 Bxf5 15. Rxf5 d5 16. cxd5 c4 17. d4 Nd3 18. Bd2 Ne4 19. Bxe4 Qxe4 20. Qf3 Qxf3 21. Rxf3 Rad8 22. Rb1 b6 23. Rb5 f6 24. a4 Rd6 25. a5 Kf7 26. axb6 axb6 27. Kf1 h5 28. h3 Kg6 29. Ke2 f5 30. Rf1 Ra8 31. Rfb1 Ra6 32. Kf3 Kf7 33. e4 fxe4+ 34. Kxe4 Ra2 35. Bf4 Re2+ 36. Kf3 Rf2+ 37. Ke3 Rd7 38. Rxb6 Rxd5 39. R6b4 1-0

[Event "Moscow blitz 71st"]
[Site "Moscow"]
[Date "2017.09.03"]
[Round "6"]
[White "Korotylev, Alexey"]
[Black "Glek, Igor Vladimirovich"]
[Result "0-1"]
[WhiteElo "2573"]
[BlackElo "2413"]
[PlyCount "54"]
[EventDate "2017.09.03"]
[EventType "tourn (blitz)"]
[EventRounds "19"]
[EventCountry "RUS"]
[EventCategory "12"]
[SourceTitle "CBM 180 Extra"]
[Source "ChessBase"]
[SourceDate "2017.10.06"]
[SourceVersion "1"]
[SourceVersionDate "2017.10.06"]
[SourceQuality "1"]

1. d4 e6 2. Nf3 f5 3. g3 Nf6 4. Bg2 Be7 5. 0-0 0-0 6. c4 d6 7. Nc3 Ne4 8. Nxe4 fxe4 9. Nd2 d5 10. f3 Nc6 11. e3 exf3 12. Nxf3 b6 13. b3 Bb7 14. Bb2 Bf6 15. Qe2 Qd6 16. Rad1 a5 17. e4 dxe4 18. Qxe4 a4 19. Rfe1 axb3 20. axb3 Rfe8 21. Qe3 Ra2 22. Rd2 Rxb2 23. Rxb2 Nxd4 24. Rf2 Nxf3+ 25. Bxf3 Bd4 26. Qf4 Qxf4 27. gxf4 Bxf3 0-1

[Event "Moscow blitz 71st"]
[Site "Moscow"]
[Date "2017.09.03"]
[Round "18"]
[White "Reshetnikov, Alexey"]
[Black "Korotylev, Alexey"]
[Result "0-1"]
[WhiteElo "2492"]
[BlackElo "2573"]
[PlyCount "88"]
[EventDate "2017.09.03"]
[EventType "tourn (blitz)"]
[EventRounds "19"]
[EventCountry "RUS"]
[EventCategory "12"]
[SourceTitle "CBM 180 Extra"]
[Source "ChessBase"]
[SourceDate "2017.10.06"]
[SourceVersion "1"]
[SourceVersionDate "2017.10.06"]
[SourceQuality "1"]

1. e4 d6 2. d4 g6 3. Nc3 Bg7 4. Be3 a6 5. Qd2 b5 6. Nf3 Nd7 7. Bd3 Bb7 8. a4 b4 9. Ne2 c5 10. c3 bxc3 11. bxc3 Ngf6 12. Ng3 0-0 13. h3 cxd4 14. cxd4 e5 15. 0-0 exd4 16. Bxd4 Re8 17. Rfe1 Nc5 18. Bxc5 dxc5 19. Rab1 Qc7 20. Qc2 Nd7 21. Nf1 Ne5 22. Nxe5 Bxe5 23. Ne3 Bd4 24. Nd5 Bxd5 25. exd5 a5 26. Bb5 Re5 27. Bc6 Rb8 28. Rxb8+ Qxb8 29. Rxe5 Qxe5 30. Qd2 c4 31. Kf1 c3 32. Qd3 Qf4 33. f3 Qc1+ 34. Ke2 Qg1 35. Bb5 Qxg2+ 36. Kd1 Bf6 37. d6 Qxh3 38. d7 Qh4 39. Kc2 Kg7 40. Kb3 Qb4+ 41. Kc2 Qe7 42. Qd5 h5 43. Bc4 h4 44. Qe4 Qxd7 0-1

[Event "Moscow blitz 71st"]
[Site "Moscow"]
[Date "2017.09.03"]
[Round "16"]
[White "Tregubov, Pavel V"]
[Black "Korotylev, Alexey"]
[Result "0-1"]
[WhiteElo "2589"]
[BlackElo "2573"]
[PlyCount "70"]
[EventDate "2017.09.03"]
[EventType "tourn (blitz)"]
[EventRounds "19"]
[EventCountry "RUS"]
[EventCategory "12"]
[SourceTitle "CBM 180 Extra"]
[Source "ChessBase"]
[SourceDate "2017.10.06"]
[SourceVersion "1"]
[SourceVersionDate "2017.10.06"]
[SourceQuality "1"]

1. d4 Nf6 2. c4 e6 3. Nc3 Bb4 4. e3 0-0 5. Bd3 c5 6. Nge2 d5 7. cxd5 cxd4 8. exd4 Nxd5 9. 0-0 Nc6 10. Nxd5 exd5 11. Ng3 Re8 12. Bf4 Bd6 13. Qd2 Be6 14. Rad1 a6 15. a3 Rc8 16. h3 Qc7 17. Bxd6 Qxd6 18. Rfe1 Re7 19. Be2 Rec7 20. Bf3 Ne7 21. Rc1 Qb6 22. Ne2 Nf5 23. Rxc7 Rxc7 24. Bg4 Nd6 25. Bxe6 fxe6 26. Nf4 Ne4 27. Qe2 Rf7 28. Qe3 Qxb2 29. f3 Nd6 30. Nxe6 h6 31. Qe5 Qd2 32. Rf1 Nc4 33. Qb8+ Kh7 34. Nf8+ Rxf8 35. Qxf8 Ne3 0-1